000 00602nam a2200229Ia 4500
003 OSt
005 20220924143950.0
006 a|||||r|||| 00| 0
007 ta
008 220923b |||||||| |||| 00| 0 urd d
024 _a311469
037 _cTextual
040 _aARTS
_cARTS
_burd
041 _2urd
_aurd
082 _aO168,1:gxM93,1, G2
100 _aAasi Maulvi Abdulbari
_9216938
245 0 _aTazkira-e-mareka-e-sukhan
260 _c1932
650 _aURDU POETRY
942 _hO168,1:gxM93,1, G2
_cTEXL
_2CC
999 _c455938
_d455938